Дело Александро-Невской лавры о назначении денежных наград разным лицам к праздникам Святой Пасхи и Рождества Христова

RUSMARC
00003895cmc2a2200000 x 450
00119eee71b-9131-4c11-a8ff-3ea848d1c731
00520171207113830.0
100##$a20140826l19031903k l0rusy0189 ca
1010#$arus
102##$aRU
2001#$aДело Александро-Невской лавры о назначении денежных наград разным лицам к праздникам Святой Пасхи и Рождества Христова
$j[Начато]январь 1903 г.
251##$cДело
300##$aДело
801#0$aRU
$bРГИА
$c20140826
$gRCR
801#1$aRU
$bГлавНИВЦ
$c20140826
$2rusmarc
801#2$aRU
$bПБ им. Б.Н. Ельцина
$c20170427
$gRCR
$2rusmarc
850##$aРГИА
852##$aРГИА
$eФедеральное казенное учреждение "Российский государственный исторический архив" (РГИА)
$j64
937##$hРГИА
$d12097376
$aASBIBLIO_SCAN
462#0$1001860e1ba2-3d4a-4843-a8b9-f3a5e0d8c206
$12001
$aДела Александро-Невской лавры за 1903 г.
$1251
$cОпись
$1852
$j11
$l1903 г.
461#0$1001797db5dd-11cb-45cb-8b15-b71eb4796399
$12001
$aАлександро-Невская лавра
$1251
$cФонд
$1852
$j815
215##$a14 л.
$d36,5x26 см
371##$aДокумент не является опубликованным и широко распространяемым
105##$aу###
1222#$ad
035##$a19eee71b-9131-4c11-a8ff-3ea848d1c731
856##$uhttp://readingroom.main.prlib.ru/item.aspx?id_node=n97822951&mode=full
605##$2acquisition_Prlib
$3LIBNET\UAF\0000070408
$aПраздники в истории России
$lколлекция
Формат отображения